000 00896cam a2200253 a 4500
001 000018967
005 20200929165906.0
008 850726s1963 pr 000 0 spa d
040 _aDO-SdBNP
_bspa
_cLC
_dBNPHU
082 _aPR861.2
_bD259p, 1963
100 1 _aDávila, Virgilio,
_d1869-1943.
_940808
245 1 0 _aPatria /
_cVirgilio Dávila ; prólogo M. González García ; nota crítica Dr. Cesáreo Rosa-Nieves.
250 _a2a ed.
260 _aSan Juan, Puerto Rico :
_bCordillera,
_c1963.
300 _a144 p. ;
_c18 cm.
490 1 _aLos Grandes Escritores de Puerto Rico
650 4 _aPoesía puertorriqueña
_91015
650 4 _aLiteratura puertorriqueña
_9250
700 1 _aGonzález García, M.,
_epról.
_940809
700 1 _aRosa-Nieves, Cesáreo.
_93522
830 0 _aLos Grandes Escritores de Puerto Rico
_94237
910 _aCatalogación derivada / LC
049 _aBNGR
999 _c18485
_d18485